|
|
|
|
| LEADER |
00772cam a2200205 7i4500 |
| 001 |
0000129948 |
| 005 |
20171130090000.0 |
| 008 |
170913 my may |
| 020 |
# |
0 |
|a 9789674124168
|
| 090 |
0 |
0 |
|a JQ 1062 .A95
|b P55 2016
|
| 245 |
0 |
0 |
|a Pilihan raya umum ke-13 :
|b refleksi politik perubahan
|c disunting oleh Mohamad Takiyuddin Ismail Sity Daud.
|
| 260 |
# |
# |
|a Selangor:
|b Penerbit Universiti Kebangsaan Malaysia,
|c 2016.
|
| 300 |
# |
# |
|a 181 p.:
|b ill.;
|c 23 cm..
|
| 504 |
0 |
0 |
|a Includes references and index
|
| 590 |
# |
# |
|a Perpustakaan Sultanah Nur Zahirah
|
| 650 |
0 |
0 |
|a Malaysia --
|x Politics and government
|
| 650 |
0 |
0 |
|a Elections --
|z Malaysia
|
| 700 |
1 |
1 |
|a Mohamad Takiyuddin Ismail
|
| 700 |
1 |
1 |
|a Sity Daud
|
| 999 |
|
|
|a 1100100857
|b Book
|c Open Shelf
|e KOLEKSI TERBUKA
|